02597cam a22003618i 450000100090000000300040000900500170001300800410003001000170007102000310008804000330011904200080015205000250016010000380018524501250022326300090034826400560035730000150041333600260042833700280045433800270048250400510050950506310056052004940119165000470168565000540173270000390178677601740182590600450199994200120204499900150205695201640207123550315OSt20260512144338.0240203s2024 enk bf 001 0 eng  a 2023055469 a9781032484709q(paperback) aDLCbengerdacDLCdMILA_ain apcc00aP301.5.A27bP37 20241 aParaskevas, Cornelia C.,eauthor.10aGuidebook to academic writing :bcommunicating in the disciplines /cCornelia C. Paraskevas and Deborah F. Rossen-Knill. a2405 1aAbingdon, Oxon ;aNew York, NY :bRoutledge,c2024. avolumes cm atextbtxt2rdacontent aunmediatedbn2rdamedia avolumebnc2rdacarrier aIncludes bibliographical references and index.0 aWhy and how you might want to use this handbook? -- The evolving handbook : what Is the purpose of a handbook? -- What is academic English? -- What words are typical in academic writing? -- How and why do we create longer sentences? -- How do we achieve economy? What makes academic language particularly hard? -- How and why do we add detail to nouns and verbs using words and phrases? -- How and why do we guide readers with punctuation? -- How and why do we create effective paragraphs? -- How and why do writers express their point of view, guide readers and interact with them? -- Why and how do we document our research? a"This innovative guidebook is an accessible and concise introduction to discipline-specific academic language. Using authentic texts written by both novice and expert writers and 'translating' current, corpus-based research of academic language into a practical guide, the book gives students the tools to navigate the linguistic features of various disciplines, emphasizing the humanities and sciences, but also discussing example texts from the social sciences"--cProvided by publisher. 0aAcademic writingvHandbooks, manuals, etc. 0aEnglish languagexStylevHandbooks, manuals, etc.1 aRossen-Knill, Deborah F.,eauthor.08iOnline version:aParaskevas, Cornelia C.tGuidebook to academic writingdLondon ; New York, NY : Routledge, Taylor & Francis Group, 2024z9781003389248w(DLC) 2023055470 a7bcbccorignewd1eecipf20gy-gencatlg 2lcccBK c2658d2658 00102lcc4070aMIUCLbMIUCLcGENd2026-05-12eEmo Book Services Sdn Bhdg172.40l0oP301.5.A27 P37 2024p0003619r2026-05-12 14:45:13v172.40w2026-05-12yBK